000 00501nam a2200181Ia 4500
001 7892
005 20260306160529.0
008 260306t2009||||xx |||||||||||||| ||spa||
041 _aESP
082 _a363.69
_bR715
100 _aRanaboldo, Claudia (Ed.)
_eAUT
245 0 _aEl valor del patrimonio cultural:
_bterritorios rurales, experiencias y proyecciones latinoamericanas
260 _c2009
300 _a408 páginas :
_c20 cm.
650 _aGEN
654 _aCHU
942 _cLIB
_dJUS
_fJUS
_2ddc
_n
999 _c7892
_d7892